Los ríos del alma / (Record no. 193257)

MARC details
000 -LEADER
campo de control de longitud fija 01702cam a2200409 i 4500
001 - NÚMERO DE CONTROL
campo de control 193257
003 - IDENTIFICADOR DE NÚMERO DE CONTROL
campo de control SpMaBN
005 - FECHA Y HORA DE LA ÚLTIMA TRANSACCIÓN
campo de control 20250804062655.0
007 - CAMPO FIJO DE DESCRIPCIÓN FÍSICA--INFORMACIÓN GENERAL
campo de control de longitud fija ta
008 - DATOS DE LONGITUD FIJA--INFORMACIÓN GENERAL
campo de control de longitud fija 100525s2009 sp | |||| 000 f spa
017 ## - NÚMERO DE COPYRIGHT O DE DEPÓSITO LEGAL
Número de copyright o de depósito legal M 51810-2009
Agencia que asigna Oficina Depósito Legal Madrid
020 ## - NÚMERO INTERNACIONAL ESTÁNDAR DEL LIBRO
Número Internacional Estándar del Libro 9788495140890
035 ## - NÚMERO DE CONTROL DEL SISTEMA
Número de control de sistema (OCoLC)868719997
035 ## - NÚMERO DE CONTROL DEL SISTEMA
Número de control de sistema a4758525
040 ## - FUENTE DE CATALOGACIÓN
Centro catalogador/agencia de origen SpMaBN
Lengua de catalogación spa
Centro/agencia transcriptor SpMaBN
Normas de descripción rdc
080 ## - NÚMERO DE LA CLASIFICACIÓN DECIMAL UNIVERSAL
Número de la Clasificación Decimal Universal 821.134.2-31"19"
100 1# - ENTRADA PRINCIPAL--NOMBRE DE PERSONA
Nombre de persona Nistal, Gloria
Número de control del registro de autoridad o número normalizado XX1740682
Término indicativo de función/relación Autor
9 (RLIN) 234310
245 14 - MENCIÓN DEL TÍTULO
Título Los ríos del alma /
Mención de responsabilidad, etc. Gloria Nistal Rosique
250 ## - MENCION DE EDICION
Mención de edición Primera edición: 2009
260 ## - PUBLICACIÓN, DISTRIBUCIÓN, ETC.
Lugar de publicación, distribución, etc. Madrid :
Nombre del editor, distribuidor, etc. Sial,
Fecha de publicación, distribución, etc. 2009
300 ## - DESCRIPCIÓN FÍSICA
Extensión 399 páginas ;
Dimensiones 21 cm
336 ## - TIPO DE CONTENIDO
Fuente rdacontent
Término de tipo de contenido Texto
337 ## - TIPO DE MEDIO
Fuente rdamedia
Nombre/término del tipo de medio sin mediación
338 ## - TIPO DE SOPORTE
Fuente rdacarrier
Nombre/término del tipo de soporte volumen
490 1# - MENCIÓN DE SERIE
Mención de serie Sial narrativa;
Designación de volumen o secuencia 62
500 ## - NOTA GENERAL
Nota general Índice
520 ## - RESUMEN, ETC.
Sumario, etc. ¿Es lo que se nos cuenta en esta novela ficción o retazos de experiencias de su autora? Gloria Nistal denomina autonarrativa a un género que participa de ambos aspectos, y al que añade abundantes reflexiones sobre la justicia, el dolor, la amistad, la esperanza, los problemas de los jóvenes, la maternidad y sobre todo el amor como camino hacia la realización personal.
655 #0 - TERMINO DE INDIZACIÓN--GENERO/FORMA
Datos o término principal de género/forma Novelas
9 (RLIN) 234319
830 ## - PUNTO DE ACCESO ADICIONAL DE SERIE-TÍTULO UNIFORME
Título uniforme Sial narrativa
9 (RLIN) 183229
852 ## - LOCALIZACIÓN
Ubicación ES-MaACL
Sublocalización o colección R. 154657
Ubicación en estantería Depósito J
itemnumber 200687
Encuadernación Encuadernación rústica con solapas
Donativo/Legado Donación: Gloria Nistal
Número de control de estantería N-9429
903 ## - NOMBRE PERSONAL DE DONANTE
a Nistal, Gloria
e Donante
9 234310
942 ## - ELEMENTOS DE ENTRADA SECUNDARIOS (KOHA)
Suprimir en OPAC No
Tipo de ítem Koha Libro impreso
Holdings
Estatus retirado Estado de pérdida Fuente del sistema de clasificación o colocación Estado de daño No para préstamo Biblioteca de origen Biblioteca actual Ubicación en estantería Fecha de adquisición Fuente de adquisición Número de control de estantería Total de préstamos Signatura topográfica completa Código de barras Visto por última vez Tipo de ítem Koha
    Clasificación decimal universal     Biblioteca del Ateneo de Madrid Biblioteca del Ateneo de Madrid Depósito J 24/10/2023 Donación Ateneísta   N-9429 101205975 24/10/2023 Libro impreso